000 00479nam a2200181Ia 4500
003 GCL
008 140319s9999 xx 000 0 eng d
040 _aGCL /
_cGCL
082 0 4 _a796.352
_bO G
100 1 _aOLDMAN, PAUL
245 1 0 _aGOLF AND ALL ITS GLORY /
_cOLDMAN, PAUL
260 _aانجلترا :
_bBRIDGE TELEVISION PRODUCTION ،
_c1993
300 _a32 CM ؛
_c192 P
650 0 4 _aSPORTS
650 0 4 _aGOLF
650 0 4 _aPLAYGROUND - MANAGEMT
942 _2ddc
_cBK
999 _c25632
_d25632